00659nam a2200181 a 450000100100000000500170001000800410002702000150006804000250008308200150010810000270012324500640015026000310021430000290024550400730027495201130034799900170046000003703320200930080110.0120209s1987 ag a 000 0 spa d a9509377066 aDO-SdBNPbspacBNPHU axxxxbxxxx1 aJastrow, Robert96344010aComo hacer obsoletas las armas nucleares /cRobert Jastrow. aArgentina, :bClio,c1987. a148 p.. :bil. ;c23 cm. aIncluye referencias bibliográficas y notas al pie de las páginas 001050718MOaGRbGRcHDd2012-02-09iLF1l0oxxxx xxxxp37033-10r2020-06-25w2020-06-25y1ZNo se presta c36523d36523